000 00305nam a2200133Ia 4500
100 _aHeine/ R.W./ Rosenthal/ P.C.
942 _cBK
654 _aCasting
245 _aPrinciples of Metal Casting
260 _bTata Mc Graw hill
_aNew Delhi
_c1980
082 _a671.2
300 _a736
546 _aENGLISH
999 _c25278
_d25278